000 00839nam a2200253 a 4500
001 12998
003 BD-JhCC
005 20230612094812.0
008 230612s20172005bg a|||| ||a| 00| 0 ben d
020 _a9843230787
035 _a(BD-JhCC)690
040 _aBD-JhCC
_dBD-JhCC
041 _aben
082 _a920
_bBIR 2017
245 _aবীরশ্রেষ্ঠ মতিউর রহমান স্মারকগ্রন্থ /
_cসম্পাদনায় মিলি রহমান
260 _aঢাকা :
_bজনপ্রিয়,
_c২০১৭
300 _a348 p. :
_bills;
_c26 cm.
504 _aIncludes biblography
600 _aRahaman, Birsrestha Motiur
650 _aLiberation war
_xHistory
_y1971
_zBangladesh
700 _aরহমান, মিলি
942 _2ddc
_cBK
_01
999 _c12998
_d12998